000
00354nam a2200145Ia 4500
008
151213s9999 xx 000 0 und d
100
_a
E.M.Forster
245
_a
A Passage to India
_c
E.M.Forster
260
_a
London
_b
Penguing
_c
1960
300
_a
8406 p.
650
_a
English
650
_a
English Literature
700
_a
E.M.Forster
999
_c
4244
_d
4244